[Event "Rapid"]
[Site "Estonia Resort Hotel & Spa conference center, Pärnu, EE"]
[Date "2025.08.17"]
[Round "4"]
[White "Chibukhchian, Artur"]
[Black "Laurusas, Tomas"]
[Result "1/2-1/2"]
[Board "1"]
[WhiteFideId "13300717"]
[BlackFideId "12803731"]
[WhiteTitle "GM"]
[BlackTitle "GM"]
[WhiteElo "2361"]
[BlackElo "2576"]
[WhiteTeam "ARM"]
[BlackTeam "LTU"]
[WhiteClock "0:00:09"]
[BlackClock "0:00:39"]
[Variant "Standard"]

1. e4 {[%clk 0:14:58]}  c5 {[%clk 0:14:54]} 2. Nf3 {[%clk 0:14:59]}  e6 {[%clk 0:14:56]} 3. d4 {[%clk 0:14:59]}  cxd4 {[%clk 0:14:58]} 4. Nxd4 {[%clk 0:15:01]}  a6 {[%clk 0:14:59]} 5. Nc3 {[%clk 0:14:47]}  Qc7 {[%clk 0:15:00]} 6. Bd3 {[%clk 0:14:48]}  Bc5 {[%clk 0:14:54]} 7. Nb3 {[%clk 0:14:50]}  Be7 {[%clk 0:14:56]} 8. O-O {[%clk 0:13:57]}  Nf6 {[%clk 0:14:55]} 9. f4 {[%clk 0:13:55]}  d6 {[%clk 0:14:57]} 10. g4 {[%clk 0:11:46]}  Nc6 {[%clk 0:14:50]} 11. g5 {[%clk 0:11:48]}  Nd7 {[%clk 0:14:52]} 12. f5 {[%clk 0:11:28]}  Nde5 {[%clk 0:14:44]} 13. Be3 {[%clk 0:10:47]}  Bd7 {[%clk 0:14:40]} 14. a4 {[%clk 0:10:14]}  Na5 {[%clk 0:14:41]} 15. Nxa5 {[%clk 0:10:14]}  Qxa5 {[%clk 0:14:42]} 16. f6 {[%clk 0:00:00]}  gxf6 {[%clk 0:13:58]} 17. gxf6 {[%clk 0:09:38]}  Bd8 {[%clk 0:13:59]} 18. Kh1 {[%clk 0:09:05]}  h5 {[%clk 0:12:37]} 19. Be2 {[%clk 0:08:57]}  Qb4 {[%clk 0:12:19]} 20. Ra3 {[%clk 0:08:08]}  Nc4 {[%clk 0:12:19]} 21. Bxc4 {[%clk 0:07:48]}  Qxc4 {[%clk 0:11:46]} 22. Rb3 {[%clk 0:06:54]}  Bxa4 {[%clk 0:10:43]} 23. Nxa4 {[%clk 0:06:54]}  Qxa4 {[%clk 0:10:44]} 24. Qd3 {[%clk 0:04:26]}  Qc6 {[%clk 0:10:12]} 25. Rc3 {[%clk 0:04:17]}  Qb5 {[%clk 0:09:34]} 26. Qxb5+ {[%clk 0:04:12]}  axb5 {[%clk 0:09:35]} 27. Rb3 {[%clk 0:03:48]}  Ra5 {[%clk 0:07:35]} 28. Bd2 {[%clk 0:03:49]}  Ra6 {[%clk 0:07:08]} 29. Rxb5 {[%clk 0:03:43]}  Rb6 {[%clk 0:07:11]} 30. Rxb6 {[%clk 0:02:06]}  Bxb6 {[%clk 0:07:13]} 31. Bb4 {[%clk 0:02:04]}  Rg8 {[%clk 0:03:20]} 32. Bxd6 {[%clk 0:02:03]}  h4 {[%clk 0:03:12]} 33. h3 {[%clk 0:01:49]}  Kd7 {[%clk 0:03:14]} 34. Bh2 {[%clk 0:01:21]}  Kc6 {[%clk 0:03:08]} 35. Rd1 {[%clk 0:01:06]}  Bc5 {[%clk 0:02:37]} 36. c3 {[%clk 0:01:00]}  Rg6 {[%clk 0:02:39]} 37. b4 {[%clk 0:00:51]}  Be3 {[%clk 0:02:12]} 38. c4 {[%clk 0:00:52]}  b5 {[%clk 0:01:52]} 39. Rd6+ {[%clk 0:00:53]}  Kb7 {[%clk 0:01:54]} 40. Rd7+ {[%clk 0:00:42]}  Kc8 {[%clk 0:01:22]} 41. Rxf7 {[%clk 0:00:14]}  bxc4 {[%clk 0:01:24]} 42. Be5 {[%clk 0:00:12]}  Rg1+ {[%clk 0:00:31]} 43. Kh2 {[%clk 0:00:13]}  Rf1 {[%clk 0:00:33]} 44. Rc7+ {[%clk 0:00:07]}  Kd8 {[%clk 0:00:36]} 45. Rxc4 {[%clk 0:00:07]}  Rf2+ {[%clk 0:00:36]} 46. Kh1 {[%clk 0:00:08]}  Rf1+ {[%clk 0:00:38]} 47. Kg2 {[%clk 0:00:09]}  Rf2+ {[%clk 0:00:39]} 1/2-1/2

[Event "Rapid"]
[Site "Estonia Resort Hotel & Spa conference center, Pärnu, EE"]
[Date "2025.08.17"]
[Round "4"]
[White "Fridman, Daniel"]
[Black "Kopylov, Michael"]
[Result "1-0"]
[Board "2"]
[WhiteFideId "11600454"]
[BlackFideId "14105080"]
[WhiteTitle "GM"]
[BlackTitle "IM"]
[WhiteElo "2561"]
[BlackElo "2328"]
[WhiteTeam "GER"]
[BlackTeam "UKR"]
[WhiteClock "0:01:19"]
[BlackClock "0:00:32"]
[Variant "Standard"]

1. Nf3 {[%clk 0:15:03]}  d5 {[%clk 0:14:44]} 2. g3 {[%clk 0:15:04]}  c6 {[%clk 0:14:44]} 3. Bg2 {[%clk 0:15:04]}  Bg4 {[%clk 0:14:45]} 4. O-O {[%clk 0:15:03]}  Nd7 {[%clk 0:14:44]} 5. h3 {[%clk 0:15:02]}  Bh5 {[%clk 0:14:46]} 6. c4 {[%clk 0:15:03]}  e6 {[%clk 0:14:47]} 7. d3 {[%clk 0:15:02]}  Ngf6 {[%clk 0:14:39]} 8. Qb3 {[%clk 0:14:59]}  Nc5 {[%clk 0:14:18]} 9. Qc2 {[%clk 0:15:00]}  Be7 {[%clk 0:13:46]} 10. Be3 {[%clk 0:14:42]}  Rc8 {[%clk 0:12:50]} 11. d4 {[%clk 0:14:43]}  Ncd7 {[%clk 0:12:15]} 12. Qb3 {[%clk 0:14:44]}  Qb6 {[%clk 0:12:03]} 13. Nc3 {[%clk 0:14:44]}  O-O {[%clk 0:11:47]} 14. Ne5 {[%clk 0:14:15]}  Rfd8 {[%clk 0:10:34]} 15. g4 {[%clk 0:13:49]}  Bg6 {[%clk 0:10:36]} 16. Rfc1 {[%clk 0:13:41]}  Nxe5 {[%clk 0:10:36]} 17. dxe5 {[%clk 0:13:41]}  d4 {[%clk 0:09:19]} 18. exf6 {[%clk 0:12:30]}  Bxf6 {[%clk 0:09:21]} 19. Bd2 {[%clk 0:12:14]}  dxc3 {[%clk 0:09:12]} 20. Bxc3 {[%clk 0:12:14]}  Bxc3 {[%clk 0:09:12]} 21. Qxc3 {[%clk 0:12:16]}  Qd4 {[%clk 0:08:46]} 22. Qb3 {[%clk 0:12:10]}  Qb6 {[%clk 0:07:47]} 23. Qc3 {[%clk 0:10:53]}  Qd4 {[%clk 0:07:34]} 24. c5 {[%clk 0:10:54]}  Qxc3 {[%clk 0:07:34]} 25. Rxc3 {[%clk 0:10:55]}  Rd2 {[%clk 0:07:00]} 26. Rb3 {[%clk 0:10:57]}  Rc7 {[%clk 0:07:01]} 27. Bf3 {[%clk 0:09:50]}  Kf8 {[%clk 0:06:17]} 28. Rc1 {[%clk 0:09:44]}  Ke7 {[%clk 0:05:29]} 29. Rc4 {[%clk 0:09:40]}  Bc2 {[%clk 0:04:59]} 30. Ra3 {[%clk 0:09:11]}  a6 {[%clk 0:04:38]} 31. Kf1 {[%clk 0:08:58]}  Bb1 {[%clk 0:04:39]} 32. Rb4 {[%clk 0:08:38]}  Kd8 {[%clk 0:03:56]} 33. Kg2 {[%clk 0:06:49]}  g5 {[%clk 0:03:35]} 34. Kg3 {[%clk 0:05:57]}  Rcd7 {[%clk 0:03:32]} 35. h4 {[%clk 0:05:40]}  h6 {[%clk 0:03:35]} 36. hxg5 {[%clk 0:05:41]}  hxg5 {[%clk 0:03:38]} 37. e3 {[%clk 0:05:24]}  Rc2 {[%clk 0:02:32]} 38. Be4 {[%clk 0:04:37]}  Rc1 {[%clk 0:02:34]} 39. Bxb1 {[%clk 0:04:38]}  Rxb1 {[%clk 0:02:37]} 40. Rc3 {[%clk 0:04:38]}  Kc8 {[%clk 0:02:13]} 41. Rc2 {[%clk 0:04:39]}  Rbd1 {[%clk 0:02:01]} 42. Kf3 {[%clk 0:04:35]}  R7d2 {[%clk 0:01:53]} 43. Rbc4 {[%clk 0:04:36]}  Kc7 {[%clk 0:01:28]} 44. Ke4 {[%clk 0:04:32]}  f6 {[%clk 0:01:29]} 45. f4 {[%clk 0:04:09]}  Rxc2 {[%clk 0:01:20]} 46. Rxc2 {[%clk 0:04:09]}  Rd5 {[%clk 0:01:23]} 47. Kf3 {[%clk 0:03:40]}  a5 {[%clk 0:01:09]} 48. b3 {[%clk 0:03:41]}  Kd7 {[%clk 0:01:10]} 49. Rc4 {[%clk 0:03:03]}  Ke7 {[%clk 0:01:03]} 50. Ke2 {[%clk 0:02:39]}  Kd7 {[%clk 0:01:03]} 51. e4 {[%clk 0:02:38]}  b5 {[%clk 0:00:44]} 52. exd5 {[%clk 0:01:17]}  bxc4 {[%clk 0:00:47]} 53. fxg5 {[%clk 0:01:18]}  fxg5 {[%clk 0:00:35]} 54. d6 {[%clk 0:01:18]}  cxb3 {[%clk 0:00:32]} 55. axb3 {[%clk 0:01:19]} 1-0

[Event "Rapid"]
[Site "Estonia Resort Hotel & Spa conference center, Pärnu, EE"]
[Date "2025.08.17"]
[Round "4"]
[White "Kopylov, Daniel"]
[Black "Meshkovs, Nikita"]
[Result "0-1"]
[Board "3"]
[WhiteFideId "12921971"]
[BlackFideId "11602740"]
[WhiteTitle "IM"]
[BlackTitle "GM"]
[WhiteElo "2347"]
[BlackElo "2552"]
[WhiteTeam "GER"]
[BlackTeam "LAT"]
[WhiteClock "0:00:13"]
[BlackClock "0:00:13"]
[Variant "Standard"]

1. e4 {[%clk 0:15:04]}  c5 {[%clk 0:15:05]} 2. Nf3 {[%clk 0:15:01]}  a6 {[%clk 0:15:08]} 3. c3 {[%clk 0:14:49]}  d5 {[%clk 0:15:04]} 4. exd5 {[%clk 0:14:49]}  Qxd5 {[%clk 0:15:05]} 5. d4 {[%clk 0:14:50]}  Nf6 {[%clk 0:15:01]} 6. Be3 {[%clk 0:14:47]}  cxd4 {[%clk 0:14:22]} 7. cxd4 {[%clk 0:14:49]}  e6 {[%clk 0:14:06]} 8. Nc3 {[%clk 0:14:48]}  Qd6 {[%clk 0:13:58]} 9. Bd3 {[%clk 0:14:46]}  Nbd7 {[%clk 0:12:35]} 10. O-O {[%clk 0:14:18]}  Be7 {[%clk 0:12:32]} 11. Qe2 {[%clk 0:12:25]}  O-O {[%clk 0:11:28]} 12. Bg5 {[%clk 0:12:20]}  Rd8 {[%clk 0:10:07]} 13. Rac1 {[%clk 0:09:59]}  Nf8 {[%clk 0:08:22]} 14. Bh4 {[%clk 0:09:17]}  Bd7 {[%clk 0:07:25]} 15. Bg3 {[%clk 0:07:55]}  Qb6 {[%clk 0:07:27]} 16. d5 {[%clk 0:07:43]}  Bc5 {[%clk 0:06:23]} 17. dxe6 {[%clk 0:04:21]}  Nxe6 {[%clk 0:04:45]} 18. Ne4 {[%clk 0:03:36]}  Nxe4 {[%clk 0:04:37]} 19. Qxe4 {[%clk 0:03:38]}  Nf8 {[%clk 0:04:35]} 20. Ng5 {[%clk 0:02:59]}  Bb5 {[%clk 0:02:57]} 21. Bxb5 {[%clk 0:02:41]}  Qxb5 {[%clk 0:02:42]} 22. Nxf7 {[%clk 0:02:25]}  Re8 {[%clk 0:02:14]} 23. Qf3 {[%clk 0:01:53]}  Ne6 {[%clk 0:01:59]} 24. Ne5 {[%clk 0:01:42]}  Rf8 {[%clk 0:01:43]} 25. Qg4 {[%clk 0:01:24]}  Rae8 {[%clk 0:01:40]} 26. b3 {[%clk 0:01:22]}  Nd4 {[%clk 0:01:05]} 27. Rc4 {[%clk 0:00:52]}  Nf5 {[%clk 0:00:37]} 28. a4 {[%clk 0:00:42]}  Qa5 {[%clk 0:00:18]} 29. b4 {[%clk 0:00:24]}  Bxb4 {[%clk 0:00:16]} 30. Rxb4 {[%clk 0:00:11]}  Nxg3 {[%clk 0:00:17]} 31. Qc4+ {[%clk 0:00:07]}  Kh8 {[%clk 0:00:17]} 32. Nf7+ {[%clk 0:00:09]}  Rxf7 {[%clk 0:00:19]} 33. Qxf7 {[%clk 0:00:11]}  Rg8 {[%clk 0:00:19]} 34. Rfb1 {[%clk 0:00:05]}  Ne2+ {[%clk 0:00:18]} 35. Kh1 {[%clk 0:00:05]}  Nc3 {[%clk 0:00:20]} 36. R1b3 {[%clk 0:00:07]}  Nd5 {[%clk 0:00:10]} 37. Qf5 {[%clk 0:00:05]}  Qc7 {[%clk 0:00:12]} 38. Qb1 {[%clk 0:00:04]}  Nxb4 {[%clk 0:00:13]} 39. Rxb4 {[%clk 0:00:07]}  Rb8 {[%clk 0:00:12]} 40. h3 {[%clk 0:00:08]}  b6 {[%clk 0:00:10]} 41. Kg1 {[%clk 0:00:09]}  Qc6 {[%clk 0:00:08]} 42. Qd3 {[%clk 0:00:09]}  b5 {[%clk 0:00:09]} 43. axb5 {[%clk 0:00:09]}  axb5 {[%clk 0:00:11]} 44. Rd4 {[%clk 0:00:07]}  Qc1+ {[%clk 0:00:07]} 45. Kh2 {[%clk 0:00:09]}  Qc7+ {[%clk 0:00:09]} 46. g3 {[%clk 0:00:08]}  Qf7 {[%clk 0:00:07]} 47. Rd8+ {[%clk 0:00:05]}  Rxd8 {[%clk 0:00:07]} 48. Qxd8+ {[%clk 0:00:07]}  Qg8 {[%clk 0:00:09]} 49. Qd7 {[%clk 0:00:04]}  Qb8 {[%clk 0:00:10]} 50. Qd3 {[%clk 0:00:06]}  b4 {[%clk 0:00:08]} 51. Qb3 {[%clk 0:00:08]}  Qb7 {[%clk 0:00:08]} 52. h4 {[%clk 0:00:09]}  g6 {[%clk 0:00:09]} 53. Qb2+ {[%clk 0:00:06]}  Kg8 {[%clk 0:00:11]} 54. Qb3+ {[%clk 0:00:08]}  Kg7 {[%clk 0:00:13]} 55. Qb2+ {[%clk 0:00:10]}  Kf7 {[%clk 0:00:15]} 56. Qb3+ {[%clk 0:00:10]}  Kf6 {[%clk 0:00:14]} 57. g4 {[%clk 0:00:11]}  Qc7+ {[%clk 0:00:08]} 58. Kg2 {[%clk 0:00:08]}  Qc6+ {[%clk 0:00:10]} 59. f3 {[%clk 0:00:06]}  Qd6 {[%clk 0:00:05]} 60. Qg8 {[%clk 0:00:05]}  Qe7 {[%clk 0:00:05]} 61. Qh8+ {[%clk 0:00:06]}  Ke6 {[%clk 0:00:07]} 62. Qg8+ {[%clk 0:00:07]}  Kd6 {[%clk 0:00:08]} 63. Qc4 {[%clk 0:00:08]}  Kd7 {[%clk 0:00:07]} 64. Qb5+ {[%clk 0:00:09]}  Kc7 {[%clk 0:00:09]} 65. Qa5+ {[%clk 0:00:09]}  Kc6 {[%clk 0:00:10]} 66. Qa4+ {[%clk 0:00:05]}  Kc5 {[%clk 0:00:12]} 67. Qc2+ {[%clk 0:00:08]}  Kb6 {[%clk 0:00:12]} 68. Qb3 {[%clk 0:00:08]}  Qe2+ {[%clk 0:00:11]} 69. Kg3 {[%clk 0:00:09]}  Qe1+ {[%clk 0:00:09]} 70. Kg2 {[%clk 0:00:09]}  Qd2+ {[%clk 0:00:08]} 71. Kh3 {[%clk 0:00:09]}  Kb5 {[%clk 0:00:06]} 72. h5 {[%clk 0:00:07]}  gxh5 {[%clk 0:00:07]} 73. gxh5 {[%clk 0:00:08]}  Qg5 {[%clk 0:00:08]} 74. Qd3+ {[%clk 0:00:09]}  Ka4 {[%clk 0:00:10]} 75. Qa6+ {[%clk 0:00:09]}  Kb3 {[%clk 0:00:11]} 76. Qd3+ {[%clk 0:00:09]}  Ka2 {[%clk 0:00:09]} 77. Qa6+ {[%clk 0:00:06]}  Kb2 {[%clk 0:00:07]} 78. Qe2+ {[%clk 0:00:05]}  Kc3 {[%clk 0:00:06]} 79. Qe1+ {[%clk 0:00:05]}  Qd2 {[%clk 0:00:07]} 80. Qe5+ {[%clk 0:00:07]}  Qd4 {[%clk 0:00:08]} 81. Qe1+ {[%clk 0:00:09]}  Kc4 {[%clk 0:00:06]} 82. Qe6+ {[%clk 0:00:06]}  Qd5 {[%clk 0:00:07]} 83. Qe2+ {[%clk 0:00:08]}  Kc5 {[%clk 0:00:07]} 84. Qc2+ {[%clk 0:00:10]}  Kb5 {[%clk 0:00:06]} 85. Qxh7 {[%clk 0:00:10]}  b3 {[%clk 0:00:08]} 86. Kg4 {[%clk 0:00:06]}  b2 {[%clk 0:00:08]} 87. h6 {[%clk 0:00:06]}  Qd4+ {[%clk 0:00:07]} 88. Kg5 {[%clk 0:00:06]}  Qg1 {[%clk 0:00:09]} 89. Kf6 {[%clk 0:00:07]}  b1=Q {[%clk 0:00:10]} 90. Qxb1+ {[%clk 0:00:06]}  Qxb1 {[%clk 0:00:12]} 91. Kg7 {[%clk 0:00:08]}  Qg1+ {[%clk 0:00:09]} 92. Kh8 {[%clk 0:00:09]}  Qd4+ {[%clk 0:00:11]} 93. Kg8 {[%clk 0:00:10]}  Qd8+ {[%clk 0:00:11]} 94. Kg7 {[%clk 0:00:12]}  Qg5+ {[%clk 0:00:13]} 95. Kh7 {[%clk 0:00:13]}  Kc6 {[%clk 0:00:14]} 96. f4 {[%clk 0:00:15]}  Qxf4 {[%clk 0:00:11]} 97. Kg7 {[%clk 0:00:13]}  Qg5+ {[%clk 0:00:13]} 0-1

[Event "Rapid"]
[Site "Estonia Resort Hotel & Spa conference center, Pärnu, EE"]
[Date "2025.08.17"]
[Round "4"]
[White "Jakubowski, Krzysztof"]
[Black "Kazakouski, Valery"]
[Result "1/2-1/2"]
[Board "4"]
[WhiteFideId "1112848"]
[BlackFideId "13507443"]
[WhiteTitle "GM"]
[BlackTitle "GM"]
[WhiteElo "2339"]
[BlackElo "2523"]
[WhiteTeam "POL"]
[BlackTeam "LTU"]
[WhiteClock "0:00:16"]
[BlackClock "0:00:09"]
[Variant "Standard"]

1. e4 {[%clk 0:15:04]}  d6 {[%clk 0:14:54]} 2. d4 {[%clk 0:15:02]}  Nf6 {[%clk 0:14:55]} 3. Nc3 {[%clk 0:15:02]}  e5 {[%clk 0:14:56]} 4. Nf3 {[%clk 0:14:38]}  Nbd7 {[%clk 0:14:57]} 5. g4 {[%clk 0:14:19]}  h6 {[%clk 0:14:37]} 6. Rg1 {[%clk 0:13:42]}  c6 {[%clk 0:14:36]} 7. g5 {[%clk 0:13:28]}  hxg5 {[%clk 0:14:34]} 8. Nxg5 {[%clk 0:13:15]}  exd4 {[%clk 0:14:03]} 9. Qxd4 {[%clk 0:12:59]}  Qb6 {[%clk 0:13:57]} 10. Be3 {[%clk 0:12:40]}  Qxd4 {[%clk 0:13:57]} 11. Bxd4 {[%clk 0:12:40]}  b5 {[%clk 0:09:52]} 12. f4 {[%clk 0:10:59]}  Nh5 {[%clk 0:06:54]} 13. Be3 {[%clk 0:09:39]}  Nc5 {[%clk 0:04:58]} 14. e5 {[%clk 0:08:38]}  Bf5 {[%clk 0:04:09]} 15. O-O-O {[%clk 0:08:03]}  dxe5 {[%clk 0:02:10]} 16. fxe5 {[%clk 0:06:03]}  Be7 {[%clk 0:02:12]} 17. Bg2 {[%clk 0:05:05]}  Rc8 {[%clk 0:02:10]} 18. h4 {[%clk 0:04:52]}  g6 {[%clk 0:02:01]} 19. Ne2 {[%clk 0:04:27]}  Ng7 {[%clk 0:01:45]} 20. Nd4 {[%clk 0:04:24]}  Bd7 {[%clk 0:01:44]} 21. Bf2 {[%clk 0:03:47]}  Nf5 {[%clk 0:01:28]} 22. Nxf5 {[%clk 0:03:27]}  Bxf5 {[%clk 0:01:26]} 23. Rge1 {[%clk 0:02:47]}  Ne6 {[%clk 0:00:32]} 24. Nxe6 {[%clk 0:02:36]}  Bxe6 {[%clk 0:00:32]} 25. Bxa7 {[%clk 0:02:06]}  Rxh4 {[%clk 0:00:29]} 26. Rh1 {[%clk 0:02:04]}  Bg5+ {[%clk 0:00:08]} 27. Kb1 {[%clk 0:02:05]}  Rxh1 {[%clk 0:00:10]} 28. Rxh1 {[%clk 0:01:58]}  Kd7 {[%clk 0:00:05]} 29. Bb6 {[%clk 0:01:40]}  Bd5 {[%clk 0:00:06]} 30. Bh3+ {[%clk 0:01:36]}  Be6 {[%clk 0:00:08]} 31. Rd1+ {[%clk 0:01:38]}  Ke8 {[%clk 0:00:08]} 32. Bxe6 {[%clk 0:01:33]}  fxe6 {[%clk 0:00:11]} 33. Rd6 {[%clk 0:01:35]}  Be7 {[%clk 0:00:12]} 34. Rd4 {[%clk 0:01:21]}  c5 {[%clk 0:00:13]} 35. Rg4 {[%clk 0:01:23]}  Rc6 {[%clk 0:00:15]} 36. Ba5 {[%clk 0:01:23]}  Kf7 {[%clk 0:00:12]} 37. Bd2 {[%clk 0:01:21]}  Rc8 {[%clk 0:00:09]} 38. a4 {[%clk 0:01:18]}  bxa4 {[%clk 0:00:09]} 39. Rxa4 {[%clk 0:01:19]}  Rd8 {[%clk 0:00:12]} 40. Kc1 {[%clk 0:00:58]}  Rd5 {[%clk 0:00:12]} 41. Re4 {[%clk 0:00:45]}  g5 {[%clk 0:00:13]} 42. c4 {[%clk 0:00:32]}  Rd8 {[%clk 0:00:13]} 43. Kc2 {[%clk 0:00:16]}  Kg6 {[%clk 0:00:15]} 44. Re1 {[%clk 0:00:16]}  g4 {[%clk 0:00:12]} 45. Rg1 {[%clk 0:00:08]}  Kf5 {[%clk 0:00:15]} 46. Rf1+ {[%clk 0:00:09]}  Kg6 {[%clk 0:00:09]} 47. Rg1 {[%clk 0:00:12]}  Kf5 {[%clk 0:00:11]} 48. Rf1+ {[%clk 0:00:14]}  Kxe5 {[%clk 0:00:13]} 49. Bf4+ {[%clk 0:00:14]}  Ke4 {[%clk 0:00:13]} 50. Bh2 {[%clk 0:00:07]}  Rh8 {[%clk 0:00:11]} 51. Bc7 {[%clk 0:00:04]}  Rh3 {[%clk 0:00:10]} 52. Re1+ {[%clk 0:00:06]}  Re3 {[%clk 0:00:11]} 53. Rg1 {[%clk 0:00:08]}  Kf5 {[%clk 0:00:13]} 54. Rf1+ {[%clk 0:00:10]}  Rf3 {[%clk 0:00:16]} 55. Re1 {[%clk 0:00:12]}  Bf6 {[%clk 0:00:18]} 56. Bd6 {[%clk 0:00:10]}  Rf2+ {[%clk 0:00:19]} 57. Kd3 {[%clk 0:00:09]}  Rxb2 {[%clk 0:00:16]} 58. Rf1+ {[%clk 0:00:11]}  Kg6 {[%clk 0:00:15]} 59. Rg1 {[%clk 0:00:11]}  Kg5 {[%clk 0:00:18]} 60. Bxc5 {[%clk 0:00:11]}  Rb3+ {[%clk 0:00:17]} 61. Ke4 {[%clk 0:00:12]}  g3 {[%clk 0:00:11]} 62. Bd6 {[%clk 0:00:12]}  Kg4 {[%clk 0:00:10]} 63. c5 {[%clk 0:00:14]}  Rc3 {[%clk 0:00:08]} 64. Rxg3 {[%clk 0:00:10]}  Rxg3 {[%clk 0:00:07]} 65. Bxg3 {[%clk 0:00:12]}  Kxg3 {[%clk 0:00:06]} 66. c6 {[%clk 0:00:14]}  Bd8 {[%clk 0:00:07]} 67. Ke5 {[%clk 0:00:16]}  Bc7+ {[%clk 0:00:09]} 1/2-1/2

[Event "Rapid"]
[Site "Estonia Resort Hotel & Spa conference center, Pärnu, EE"]
[Date "2025.08.17"]
[Round "4"]
[White "Sharan, Rao"]
[Black "Glek, Igor"]
[Result "1/2-1/2"]
[Board "5"]
[WhiteFideId "5073464"]
[BlackFideId "4100484"]
[WhiteTitle "IM"]
[BlackTitle "GM"]
[WhiteElo "2250"]
[BlackElo "2439"]
[WhiteTeam "IND"]
[BlackTeam "BEL"]
[WhiteClock "0:00:09"]
[BlackClock "0:00:17"]
[Variant "Standard"]

1. Nf3 {[%clk 0:15:04]}  f5 {[%clk 0:14:34]} 2. b3 {[%clk 0:14:57]}  d6 {[%clk 0:14:35]} 3. d4 {[%clk 0:14:59]}  g6 {[%clk 0:14:35]} 4. Bb2 {[%clk 0:15:00]}  Bg7 {[%clk 0:14:37]} 5. e3 {[%clk 0:15:02]}  Nd7 {[%clk 0:14:37]} 6. c4 {[%clk 0:14:56]}  Nh6 {[%clk 0:14:30]} 7. Nc3 {[%clk 0:14:55]}  e5 {[%clk 0:14:27]} 8. dxe5 {[%clk 0:14:52]}  dxe5 {[%clk 0:14:29]} 9. Qd2 {[%clk 0:14:00]}  O-O {[%clk 0:14:23]} 10. h4 {[%clk 0:13:33]}  Nf7 {[%clk 0:14:25]} 11. O-O-O {[%clk 0:13:15]}  c6 {[%clk 0:14:21]} 12. Na4 {[%clk 0:12:33]}  Qe7 {[%clk 0:13:56]} 13. Ng5 {[%clk 0:11:38]}  Nxg5 {[%clk 0:11:47]} 14. hxg5 {[%clk 0:11:39]}  Nb6 {[%clk 0:11:42]} 15. f4 {[%clk 0:09:55]}  Nxa4 {[%clk 0:11:28]} 16. bxa4 {[%clk 0:09:57]}  Be6 {[%clk 0:11:21]} 17. Qd6 {[%clk 0:09:22]}  Rfe8 {[%clk 0:09:19]} 18. Be2 {[%clk 0:06:40]}  exf4 {[%clk 0:09:19]} 19. exf4 {[%clk 0:06:14]}  Bxb2+ {[%clk 0:00:00]} 20. Kxb2 {[%clk 0:06:16]}  Qf7 {[%clk 0:05:09]} 21. Qd4 {[%clk 0:05:11]}  Bd5 {[%clk 0:04:04]} 22. Rd2 {[%clk 0:05:13]}  Bxg2 {[%clk 0:03:59]} 23. Rh2 {[%clk 0:04:41]}  Be4 {[%clk 0:03:51]} 24. Bd1 {[%clk 0:04:43]}  Qe7 {[%clk 0:03:45]} 25. c5 {[%clk 0:04:05]}  Rad8 {[%clk 0:03:47]} 26. Bb3+ {[%clk 0:02:30]}  Bd5 {[%clk 0:03:48]} 27. Rhe2 {[%clk 0:02:12]}  Qxe2 {[%clk 0:03:39]} 28. Rxe2 {[%clk 0:02:14]}  Rxe2+ {[%clk 0:03:41]} 29. Ka3 {[%clk 0:02:13]}  Re4 {[%clk 0:03:20]} 30. Qf6 {[%clk 0:02:14]}  Rd7 {[%clk 0:03:22]} 31. a5 {[%clk 0:02:00]}  a6 {[%clk 0:03:20]} 32. Kb2 {[%clk 0:01:38]}  Bxb3 {[%clk 0:02:10]} 33. axb3 {[%clk 0:01:40]}  Re2+ {[%clk 0:01:15]} 34. Kc3 {[%clk 0:00:50]}  Rd5 {[%clk 0:01:09]} 35. b4 {[%clk 0:00:39]}  Re3+ {[%clk 0:01:04]} 36. Kc2 {[%clk 0:00:40]}  Re4 {[%clk 0:01:04]} 37. Kc3 {[%clk 0:00:41]}  Rdd4 {[%clk 0:00:34]} 38. Kc2 {[%clk 0:00:29]}  Re2+ {[%clk 0:00:11]} 39. Kc3 {[%clk 0:00:31]}  Rdd2 {[%clk 0:00:12]} 40. Kc4 {[%clk 0:00:21]}  Re3 {[%clk 0:00:14]} 41. Qa1 {[%clk 0:00:13]}  Rc2+ {[%clk 0:00:10]} 42. Kd4 {[%clk 0:00:15]}  Re4+ {[%clk 0:00:12]} 43. Kd3 {[%clk 0:00:18]}  Rce2 {[%clk 0:00:13]} 44. Qf6 {[%clk 0:00:16]}  Re7 {[%clk 0:00:10]} 45. Kc3 {[%clk 0:00:08]}  R2e3+ {[%clk 0:00:09]} 46. Kd2 {[%clk 0:00:08]}  R3e6 {[%clk 0:00:09]} 47. Qd4 {[%clk 0:00:08]}  Re2+ {[%clk 0:00:10]} 48. Kc1 {[%clk 0:00:07]}  Re1+ {[%clk 0:00:10]} 49. Kc2 {[%clk 0:00:08]}  R7e2+ {[%clk 0:00:11]} 50. Kb3 {[%clk 0:00:07]}  Re3+ {[%clk 0:00:12]} 51. Kc2 {[%clk 0:00:09]}  R1e2+ {[%clk 0:00:07]} 52. Kc1 {[%clk 0:00:11]}  Re8 {[%clk 0:00:04]} 53. Qc4+ {[%clk 0:00:13]}  Kf8 {[%clk 0:00:05]} 54. Qd4 {[%clk 0:00:14]}  Re1+ {[%clk 0:00:05]} 55. Kc2 {[%clk 0:00:17]}  R1e2+ {[%clk 0:00:07]} 56. Kc1 {[%clk 0:00:15]}  Kg8 {[%clk 0:00:07]} 57. Qc4+ {[%clk 0:00:21]}  R2e6 {[%clk 0:00:09]} 58. Kc2 {[%clk 0:00:19]}  Kf8 {[%clk 0:00:11]} 59. Qd4 {[%clk 0:00:21]}  Kf7 {[%clk 0:00:12]} 60. Qd7+ {[%clk 0:00:23]}  R8e7 {[%clk 0:00:15]} 61. Qd4 {[%clk 0:00:23]}  Re4 {[%clk 0:00:15]} 62. Qf6+ {[%clk 0:00:22]}  Ke8 {[%clk 0:00:17]} 63. Kb3 {[%clk 0:00:09]}  Rxf4 {[%clk 0:00:17]} 64. Qh8+ {[%clk 0:00:11]}  Kd7 {[%clk 0:00:19]} 65. Qb8 {[%clk 0:00:09]}  Rf3+ {[%clk 0:00:18]} 66. Ka4 {[%clk 0:00:07]}  Ke6 {[%clk 0:00:18]} 67. Qd6+ {[%clk 0:00:08]}  Kf7 {[%clk 0:00:20]} 68. Qf6+ {[%clk 0:00:10]}  Ke8 {[%clk 0:00:22]} 69. Qh8+ {[%clk 0:00:11]}  Kd7 {[%clk 0:00:25]} 70. Qb8 {[%clk 0:00:13]}  Ree3 {[%clk 0:00:17]} 71. Qxb7+ {[%clk 0:00:10]}  Kd8 {[%clk 0:00:18]} 72. Qb8+ {[%clk 0:00:11]}  Ke7 {[%clk 0:00:20]} 73. Qd6+ {[%clk 0:00:10]}  Kf7 {[%clk 0:00:23]} 74. Qf6+ {[%clk 0:00:11]}  Kg8 {[%clk 0:00:23]} 75. Qd8+ {[%clk 0:00:12]}  Kf7 {[%clk 0:00:21]} 76. Qf6+ {[%clk 0:00:11]}  Kg8 {[%clk 0:00:20]} 77. Qd8+ {[%clk 0:00:12]}  Kf7 {[%clk 0:00:22]} 78. Qd7+ {[%clk 0:00:08]}  Kf8 {[%clk 0:00:20]} 79. Qd8+ {[%clk 0:00:09]}  Kf7 {[%clk 0:00:16]} 80. Qc7+ {[%clk 0:00:10]}  Kf8 {[%clk 0:00:18]} 81. Qd6+ {[%clk 0:00:09]}  Kf7 {[%clk 0:00:17]} 1/2-1/2